000 00713nam a2200217 a 4500
001 BRCA_970
005 20190320203227.0
008 920812s1991 mx-a---###---#001-0#spa-#
020 _a9687270810
040 _aDLC
_cDLC
041 _aspaeng
050 4 _aTS28
_b.D57 1991
245 1 0 _aDiseño mexicano
_bindustrial y gráfico.
260 _aMéxico
_bColegio de Diseñadores Industriales y Gráficos de México : Grupo Editorial Iberoamérica
_c1991
300 _axx, 100 p.
_bil. a color
_c31 cm.
500 _aIncluye índice de diseñadores
546 _aTexto en : inglés y español
650 1 4 _aDiseño industrial
_zMéxico
_93202
650 1 4 _aDiseñadores industriales
_zMéxico
_93203
942 _2lcc
_cB
999 _c856
_d856